000 00371nam a2200133Ia 4500
008 240624s9999 xx 000 0 und d
041 _aeng
082 _a658.8 DAV
100 _aD AVENI RICHARD A
245 _aBEATING THE COMMODITY TRAP HOW TO MAXIMI
260 _c2010
_aBoston
_bHarvard Business School Press
300 _axiv, : 194 : p. : cm. ; 23
365 _cRS
_b30
999 _c15078
_d15078